00863 2200301 4500001002100000005001500021035002000036007000300056008004100059020002200100082001400122084001600136100002900152245007400181250002600255300002400281650002200305700002900327264003100356336002100387337003000408338002300438040002200461090002200483850001200505999002200517990002200539INLIS00000000089330520250211084245 a0010-0225000387ta250211s2024 yoi b 1 ind d a978-623-10-2368-104223a028.5 a028.5 MIF k0 aMiftahul AnamePengarang10aKisah tentang persahabatan /cMiftahul Anam; penyunting, Ali Munir S. aCetakan pertama: 2024 a63 halaman ;c19 cm 4aBacaan kanak-anak0 aAli Munir S.ePenyunting31aBantul :bGema Buku,c2024 2rdacontentateks 2rdamediaatanpa perantara 2rdacarrieravolume aYOPDYOGbinderda aCB-D.11 2024-4907 aYOPDYOG aCB-D.11/2024-4907 aCB-D.11/2024-4907